Cell signaling: Principles and mechanisms (Record no. 395102)
[ view plain ]
| 000 -LEADER | |
|---|---|
| fixed length control field | 00573 a2200229 4500 |
| 005 - DATE & TIME | |
| control field | 20260415141150.0 |
| 008 - FIXED-LENGTH DATA ELEMENTS--GENERAL INFORMATION | |
| fixed length control field | 260415b |||||||| |||| 00| 0 eng d |
| 020 ## - ISBN | |
| International Standard Book Number | 9780367279370 |
| Price | £ 91.99 |
| 040 ## - CATALOGING SOURCE | |
| Original cataloging agency | VIVEKANANDA LIBRARY |
| 082 ## - DDC NUMBER | |
| Classification number | 571.74 |
| Book Number | L629C(2) |
| 100 ## - MAIN ENTRY--PERSONAL NAME | |
| Personal name | Lim, Wendell A |
| 245 ## - TITLE STATEMENT | |
| Title | Cell signaling: Principles and mechanisms |
| 250 ## - EDITION STATEMENT | |
| Edition statement | 2nd |
| 260 ## - PUBLICATION, DISTRIBUTION, ETC. (IMPRINT) | |
| Name of publisher, distributor, etc | CRC Press |
| Date of publication, distribution, etc | 2025 |
| Place of publication, distribution, etc | London |
| 300 ## - PHYSICAL DESCRIPTION | |
| Pages | xxi, 441 |
| 650 ## - Subject | |
| Subject | Life Science |
| 650 ## - Subject | |
| Subject | Biology |
| 650 ## - Subject | |
| Subject | Physiology |
| 650 ## - Subject | |
| Subject | Cellular Physiology |
| 700 ## - Added Entry Personal Name | |
| Added Entry Personal Name | Mayer, Bruce J |
| 942 ## - ADDED ENTRY ELEMENTS (KOHA) | |
| Koha item type | Books |
| Withdrawn status | Lost status | Source of classification or shelving scheme | Damaged status | Not for loan | Location (home branch) | Sublocation or collection (holding branch) | Shelving location | Date acquired | Koha issues (times borrowed) | Koha full call number | Accession No. | Koha date last seen | Koha item type |
|---|---|---|---|---|---|---|---|---|---|---|---|---|---|
| Dewey Decimal Classification | VIVEKANANDA LIBRARY | VIVEKANANDA LIBRARY | Vivekananda Library | 10/03/2026 | 571.74 L629C(2) | 438660 | 10/03/2026 | Books | |||||
| Dewey Decimal Classification | VIVEKANANDA LIBRARY | VIVEKANANDA LIBRARY | Vivekananda Library | 27/03/2026 | 571.74 L629C(2) | 438922 | 27/03/2026 | Books |
